000
00330nam a22001457a 4500
003
SGT
020
_a
978-93-88022-90-3
082
_a
615.1
_b
SAN
100
_a
SANSARE, VIPUL A.
245
_a
TEXTBOOK OF PHARMACEUTICS -II
260
_a
INDIA
_b
IP PUB.
_c
2023
300
_a
179
650
_a
PHARMACEITICS -II
942
_2
ddc
_c
BK
999
_c
34218
_d
34218